Hacia una antropología de los lectores
Պահպանված է:
| Հիմնական հեղինակներ: | , , , , , , |
|---|---|
| Ձևաչափ: | Գիրք |
| Լեզու: | իսպաներեն |
| Հրապարակվել է: |
Ciudad de México, México
Universidad Metropolitana
2017
|
| Հրատարակություն: | 2a. ed |
| Խորագրեր: | |
| Ցուցիչներ: |
Ավելացրեք ցուցիչ
Չկան պիտակներ, Եղեք առաջինը, ով նշում է այս գրառումը!
|
MARC
| LEADER | 00000cam a2200000 a 4500 | ||
|---|---|---|---|
| 001 | UCB0153 | ||
| 003 | CL-VaPUC | ||
| 005 | 20250108095055.0 | ||
| 008 | 191213e20170000mx spa d | ||
| 999 | |c 376355 |d 376353 | ||
| 020 | |a 9786077473053 | ||
| 040 | |c Pontificia Universidad Católica de Valparaíso | ||
| 082 | 0 | 4 | |a 301 GAR 2017 |2 21 |
| 100 | 1 | |a García Canclini, Néstor |e author |9 555898 | |
| 245 | 1 | 0 | |a Hacia una antropología de los lectores |
| 250 | |a 2a. ed | ||
| 260 | |a Ciudad de México, México |b Universidad Metropolitana |c 2017 | ||
| 300 | |a 284 páginas | ||
| 583 | |a last modification |c 20191213 11:48:00 |k Rodrigo Vera | ||
| 650 | 0 | 0 | |a Antropología filosófica |9 265842 |
| 650 | 0 | 0 | |a Naturaleza humana |9 308593 |
| 650 | 0 | 0 | |a Medios de comunicación de masas |9 257273 |
| 650 | 0 | 0 | |a Sociología |9 255410 |
| 700 | 1 | |a Gerber Bicecci, Verónica |e author |9 605481 | |
| 700 | 1 | |a López Ojeda, Andrés |e author |9 605482 | |
| 700 | 1 | |a Nivón Bolán, Eduardo |e author |9 605483 | |
| 700 | 1 | |a Pérez Camacho, Carmen |e author |9 605484 | |
| 700 | 1 | |a Pinochet Cobos, Carla |e author |9 605485 | |
| 700 | 1 | |a Winocur Iparraguirre, Rosalía |e author |9 605486 | |
| 852 | |a BIBCUR | ||
| 942 | |c BK |2 ddc | ||
| 945 | |a dcastane |d 20191213 11:48:00 | ||
| 952 | |0 0 |1 0 |2 ddc |4 0 |6 301_000000000000000_GAR_2017 |7 0 |8 A |9 494948 |a BIBEDU |b BIBEDU |d 2019-12-09 |e 73 |g 56303.00 |i 5567491 |l 1 |o 301 GAR 2017 |p 5567491 |r 2022-08-30 |s 2022-08-19 |t 1 |v 56303.00 |w 2019-12-09 |y BK |k LIT | ||